Career service examination reviewer : professiona/ sub-professional levels / (Record no. 5835)

MARC details
000 -LEADER
fixed length control field 00734nam a22002057a 4500
003 - CONTROL NUMBER IDENTIFIER
control field OSt
005 - DATE AND TIME OF LATEST TRANSACTION
control field 20251120083936.0
008 - FIXED-LENGTH DATA ELEMENTS--GENERAL INFORMATION
fixed length control field 251120b |||||||| |||| 00| 0 eng d
020 ## - INTERNATIONAL STANDARD BOOK NUMBER
International Standard Book Number 9789718974131
040 ## - CATALOGING SOURCE
Original cataloging agency DWCL-Admin lib
Transcribing agency OC
082 ## - DEWEY DECIMAL CLASSIFICATION NUMBER
Classification number Fil. 351.076 S194c 2011
100 ## - MAIN ENTRY--PERSONAL NAME
Personal name San Jose-Pangan, Marina T.
245 ## - TITLE STATEMENT
Title Career service examination reviewer : professiona/ sub-professional levels /
Statement of responsibility, etc. Marina T. San Jose-Pangan
260 ## - PUBLICATION, DISTRIBUTION, ETC.
Place of publication, distribution, etc. [name of publication not identified] :
Name of publisher, distributor, etc. [name of publisher not identified],
Date of publication, distribution, etc. c2011.
300 ## - PHYSICAL DESCRIPTION
Extent vi, 104 pages ;
Dimensions 28 cm.
650 ## - SUBJECT ADDED ENTRY--TOPICAL TERM
Topical term or geographic name entry element 1. Civil service-Examinations.
650 ## - SUBJECT ADDED ENTRY--TOPICAL TERM
Topical term or geographic name entry element 2. Civil service-Philippines.
700 ## - ADDED ENTRY--PERSONAL NAME
Personal name Novales, Mamerto D.
942 ## - ADDED ENTRY ELEMENTS (KOHA)
Source of classification or shelving scheme Dewey Decimal Classification
Koha item type Book-Filipiniana
Call number prefix Fil.
Suppress in OPAC No
952 ## - LOCATION AND ITEM INFORMATION (KOHA)
--
Holdings
Withdrawn status Lost status Source of classification or shelving scheme Damaged status Not for loan Home library Current library Shelving location Date acquired Source of acquisition Cost, normal purchase price Total Checkouts Full call number Barcode Date last seen Copy number Price effective from Koha item type Uniform Resource Identifier
    Dewey Decimal Classification     College Library College Library Filipiniana 06/21/2011 School Fund 550.00   Fil. 351.076 S194c 2011 48428 11/20/2025 c1 11/20/2025 BK - FIL